| 000 | 01032nam a22003017a 4500 | ||
|---|---|---|---|
| 001 | 9426 | ||
| 003 | FISKH | ||
| 005 | 20260106141234.0 | ||
| 008 | 260106b cb ||||| |||| 00| 0 eng d | ||
| 020 | _a9780439895033 | ||
| 040 |
_aFISKH _beng _cFISKH _dFISKH |
||
| 050 | _aPZ7.O81167 C | ||
| 082 | _a823.92 | ||
| 100 |
_aOsborne, Mary Pope _eAuthor |
||
| 245 |
_aCarnival at candlelight / _cby Mary Pope Osborne ; illustrated by Sal Murdocca |
||
| 260 |
_aNew York : _bScholastic Inc. , _c2005 |
||
| 300 |
_a105 pages : _billustrations ; _c19 cm |
||
| 490 |
_aMagic tree house : _vA Merlin mission |
||
| 505 | _aN | ||
| 520 | _aWhile on a mission to prove to Merlin that they can use magic wisely, Jack and Annie travel to seventeenth-century Venice, Italy, to save the city from disaster. | ||
| 521 | 8 |
_a590
_bLexile |
|
| 521 | 8 |
_aN
_bRaz-Plus |
|
| 650 |
_aChapter book _vChildren's early |
||
| 650 |
_aChapter book _vFantasy |
||
| 700 |
_aMurdocca, Sal _eIllustrator |
||
| 942 |
_2ddc _cBK _n0 |
||
| 999 |
_c9426 _d9426 |
||